000 02043nam a2200445 c 4500
003 BLK
005 20250228093633.0
008 180411b bul|||||r ||||||| ||bul||
010 _aKNG00187672000
020 _a978-954-398-439-8
040 _aBLK
041 _aBUL
_cBUL
072 7 _2bullib
_aН32
_xПолитика Н
080 _aШпионаж. Политическо влияние чрез тайни (разузнавателни) служби
_b327.84
_z327.84
080 _aРазузнавателна служба. Тайна служба. Шпионаж. Разузнавателна информация. Вж и 327.84 ; 344.1
_b355.40
_z355.40
100 1 _aГрей, Стивън
_eпърви автор
_9341575
139 _aГрей, Стивън
_bГ 79
245 1 0 _aНовите супершпиони
_bВ шпионажа - от Студената война до глобалния терор
_cСтивън Грей; прев. от англ. Жана Василева Тотева.
257 _aGBR
260 _aСофия
_bТруд
_c2016
_fРавно поле : Бет Принт
300 _a368 с.
_c21 см
380 _a3
490 _aПоредица Строго секретно
500 _aБез сведение за ориг. загл. - Речник ; Хронология ; Азб. показалец. - Библиогр. с.349-354.
650 4 _aШпионаж и диверсия
_9242689
650 4 _aРазузнаване - история
_9270054
650 4 _aТайни служби
_9266564
653 _aшпионаж
653 _aразузнаване
653 _aтайни служби
659 _aН
700 1 _aТотева, Жана Василева
_eпрев. от англ.
_9370345
852 _aЦб 280379
856 4 _qpdf
856 4 _qpdf
942 _cKNG
_n0
_06
944 _aCR
_c14.04.2016
_lГрета Цуфелде
_k30537
944 _aED
_c30.05.2017
_lф /
_kПенка_Димитрова
999 _c178912
_d178912
999 _d178912